[Event "CRO-chT1A 30th"]
[Site "Porec"]
[Date "2022.09.25"]
[Round "2.5"]
[White "Mrkonjic, Nenad"]
[Black "Vernacki, Srdjan"]
[Result "1/2-1/2"]
[WhiteElo "2347"]
[BlackElo "2280"]
[PlyCount "115"]
[EventDate "2022.09.24"]
[EventType "team-tourn"]
[EventRounds "9"]
[EventCountry "CRO"]
[SourceTitle "CBM 210 Extra"]
[Source "ChessBase"]
[SourceDate "2022.11.30"]
[SourceVersion "1"]
[SourceVersionDate "2022.11.30"]
[SourceQuality "1"]
[WhiteTeam "Osijek Ferit"]
[BlackTeam "Strigova Stridon"]
[WhiteTeamCountry "CRO"]
[BlackTeamCountry "CRO"]

1. d4 Nf6 2. Nf3 e6 3. Bf4 b6 4. h3 Bb7 5. e3 c5 6. c3 Be7 7. Be2 0-0 8. 0-0 d6 9. Nbd2 Qc7 10. Qb3 Nbd7 11. Rfc1 a6 12. a4 Bc6 13. Qd1 b5 14. axb5 axb5 15. Bg5 h6 16. Bh4 Qb7 17. Ne1 Rxa1 18. Rxa1 Ra8 19. Bxf6 Nxf6 20. Bf3 c4 21. Rxa8+ Qxa8 22. Bxc6 Qxc6 23. Qa1 Ne4 24. Nef3 Nxd2 25. Nxd2 Qb7 26. Qa5 d5 27. b4 cxb3 28. Nxb3 b4 29. g3 g6 30. Kg2 Kg7 31. cxb4 Qxb4 32. Qa2 Qc4 33. Qb1 h5 34. Nc1 Bd6 35. Nd3 Kg8 36. Ne1 Be7 37. Nf3 Bf6 38. Nd2 Qe2 39. Nf3 Kg7 40. Qb8 Qc2 41. Ne1 Qe4+ 42. Kg1 Bxd4 43. Qf4 Qxf4 44. gxf4 Bc3 45. Nd3 f6 46. Kg2 e5 47. fxe5 fxe5 48. f3 Kf6 49. e4 dxe4 50. fxe4 Ke6 51. Kf3 Kd6 52. Kg3 g5 53. Kf3 Bd2 54. Ke2 Bf4 55. Kf3 Kc6 56. Nb4+ Kd6 57. Nd5 Ke6 58. Nc7+ 1/2-1/2

[Event "CRO-chT1A 29th"]
[Site "Mali Losinj"]
[Date "2021.10.02"]
[Round "8.4"]
[White "Mrkonjic, Nenad"]
[Black "Rogic, Davor"]
[Result "1/2-1/2"]
[WhiteElo "2340"]
[BlackElo "2467"]
[PlyCount "84"]
[EventDate "2021.09.25"]
[EventType "team-tourn"]
[EventRounds "9"]
[EventCountry "CRO"]
[SourceTitle "CBM 204 Extra"]
[Source "ChessBase"]
[SourceDate "2021.11.30"]
[SourceVersion "1"]
[SourceVersionDate "2021.11.30"]
[SourceQuality "1"]
[WhiteTeam "Osijek Ferit"]
[BlackTeam "Solin Cemex"]
[WhiteTeamCountry "CRO"]
[BlackTeamCountry "CRO"]

1. d4 Nf6 2. c4 e6 3. Nf3 d5 4. Nc3 c6 5. Qb3 Be7 6. Bg5 0-0 7. e3 Nbd7 8. Be2 a6 9. a4 a5 10. 0-0 h6 11. Bh4 g5 12. Bg3 Nh5 13. Nd2 Nxg3 14. hxg3 f5 15. f4 g4 16. Qc2 Nf6 17. Bd3 Bd7 18. Rac1 h5 19. cxd5 cxd5 20. Kf2 Rc8 21. Qb3 Bb4 22. Ke2 Bc6 23. Rh1 Rf7 24. Ndb1 Kg7 25. Na2 Bf8 26. Nd2 Kg6 27. Rc3 Rh7 28. Bb5 Rhc7 29. Bd3 Qe8 30. Qb6 Nd7 31. Qb3 Bd6 32. Bb5 Qe7 33. Bd3 Nf6 34. Rcc1 Qd7 35. Qb6 Qd8 36. Qb3 Qd7 37. Qb6 Qd8 38. Qb3 Qe8 39. Qb6 Ra8 40. Bb5 Nd7 41. Bxc6 bxc6 42. Qb3 Ra6 1/2-1/2

[Event "CRO-chT1A 29th"]
[Site "Mali Losinj"]
[Date "2021.10.01"]
[Round "7.3"]
[White "Franic, Milan"]
[Black "Mrkonjic, Nenad"]
[Result "1/2-1/2"]
[WhiteElo "2369"]
[BlackElo "2340"]
[PlyCount "63"]
[EventDate "2021.09.25"]
[EventType "team-tourn"]
[EventRounds "9"]
[EventCountry "CRO"]
[SourceTitle "CBM 204 Extra"]
[Source "ChessBase"]
[SourceDate "2021.11.30"]
[SourceVersion "1"]
[SourceVersionDate "2021.11.30"]
[SourceQuality "1"]
[WhiteTeam "Pula"]
[BlackTeam "Osijek Ferit"]
[WhiteTeamCountry "CRO"]
[BlackTeamCountry "CRO"]

1. d4 d5 2. Bg5 c6 3. e3 Bf5 4. Nf3 h6 5. Bh4 Qb6 6. Qc1 Nd7 7. c4 e6 8. Nc3 Be7 9. Be2 Bxh4 10. Nxh4 Bh7 11. 0-0 Ngf6 12. c5 Qc7 13. f4 Be4 14. Nf3 Bxf3 15. Bxf3 a5 16. Qc2 0-0 17. a3 b6 18. b4 Ra7 19. Rab1 axb4 20. axb4 b5 21. Be2 Ra3 22. Bd3 Rfa8 23. Rf3 Ra1 24. h3 R8a3 25. Rxa1 Rxa1+ 26. Rf1 Qa7 27. Qb2 Rxf1+ 28. Kxf1 Kf8 29. Ke1 Ke7 30. Kd1 Qa8 31. Qa2 Qxa2 32. Nxa2 1/2-1/2

[Event "CRO-chT1A 29th"]
[Site "Mali Losinj"]
[Date "2021.09.28"]
[Round "4.2"]
[White "Mrkonjic, Nenad"]
[Black "Tomic, Stjepan"]
[Result "1-0"]
[WhiteElo "2340"]
[BlackElo "1942"]
[PlyCount "113"]
[EventDate "2021.09.25"]
[EventType "team-tourn"]
[EventRounds "9"]
[EventCountry "CRO"]
[SourceTitle "CBM 204 Extra"]
[Source "ChessBase"]
[SourceDate "2021.11.30"]
[SourceVersion "1"]
[SourceVersionDate "2021.11.30"]
[SourceQuality "1"]
[WhiteTeam "Osijek Ferit"]
[BlackTeam "Zagreb Hask Mladost"]
[WhiteTeamCountry "CRO"]
[BlackTeamCountry "CRO"]

1. c4 c6 2. Nf3 d5 3. e3 Nf6 4. b3 Bf5 5. Bb2 e6 6. Be2 h6 7. 0-0 Be7 8. d3 0-0 9. Nc3 Nbd7 10. Qc1 Qb8 11. Rd1 Rc8 12. Qd2 Bh7 13. Rdc1 a5 14. cxd5 cxd5 15. a4 Nc5 16. Qd1 Na6 17. Nb5 Nd7 18. Rxc8+ Qxc8 19. Rc1 Qd8 20. d4 Rc8 21. Ne1 Nb4 22. Rc3 Nb8 23. Rxc8 Qxc8 24. Bc3 N8c6 25. Qd2 b6 26. g3 Be4 27. h4 Qd8 28. Bf3 Bxf3 29. Nxf3 Qc8 30. Bxb4 Nxb4 31. Ne5 h5 32. Kg2 g6 33. Nd3 Kg7 34. Qc1 Qxc1 35. Nxc1 Kf8 36. Kf3 Kg7 37. Ke2 Kf6 38. Nc3 Kf5 39. f3 Kf6 40. Kd2 Bd8 41. Nd3 Nxd3 42. Kxd3 Bc7 43. f4 Ke7 44. e4 Kd6 45. exd5 exd5 46. Nb5+ Kc6 47. Nxc7 Kxc7 48. f5 Kd6 49. Ke3 Ke7 50. Kf4 Kf6 51. g4 hxg4 52. Kxg4 Kg7 53. Kg5 f6+ 54. Kg4 Kh6 55. fxg6 Kxg6 56. h5+ Kh6 57. Kf5 1-0

[Event "CRO-chT1A 28th"]
[Site "Mali Losinj"]
[Date "2019.09.30"]
[Round "3.35"]
[White "Golubovic, Boris"]
[Black "Mrkonjic, Nenad"]
[Result "1/2-1/2"]
[WhiteElo "2401"]
[BlackElo "2343"]
[PlyCount "45"]
[EventDate "2019.09.28"]
[EventType "team-tourn"]
[EventRounds "9"]
[EventCountry "CRO"]
[SourceTitle "EXT 2020"]
[Source "ChessBase"]
[SourceDate "2019.10.17"]
[SourceVersion "1"]
[SourceVersionDate "2019.10.17"]
[SourceQuality "1"]
[WhiteTeam "Rijeka Rijeka"]
[BlackTeam "Osijek Ferit"]
[WhiteTeamCountry "CRO"]
[BlackTeamCountry "CRO"]

1. Nf3 d5 2. e3 Nf6 3. c4 e6 4. Nc3 c5 5. cxd5 exd5 6. d4 Nc6 7. Bb5 a6 8. Bxc6+ bxc6 9. Qa4 Qc7 10. 0-0 Bd6 11. dxc5 Bxc5 12. b3 0-0 13. Ba3 Bxa3 14. Qxa3 c5 15. Rac1 Be6 16. Rfd1 Rfc8 17. h3 Qa7 18. Ne2 Rc7 19. Qa5 Rac8 20. Nf4 h6 21. Ne5 Qb7 22. Ne2 Qb5 23. Qe1 1/2-1/2

[Event "HUN-chT2 Charousek 1819"]
[Site "Hungary"]
[Date "2019.03.31"]
[Round "10.4"]
[White "Gombocz, Ferenc Jr"]
[Black "Mrkonjic, Nenad"]
[Result "1-0"]
[WhiteElo "2295"]
[BlackElo "2365"]
[PlyCount "127"]
[EventDate "2018.09.23"]
[EventType "team-tourn"]
[EventRounds "11"]
[EventCountry "HUN"]
[SourceTitle "EXT 2021"]
[Source "ChessBase"]
[SourceDate "2020.10.23"]
[SourceVersion "1"]
[SourceVersionDate "2020.10.23"]
[SourceQuality "1"]
[WhiteTeam "Balatonfuered"]
[BlackTeam "Komlo Banyasz"]
[WhiteTeamCountry "HUN"]
[BlackTeamCountry "HUN"]

1. c4 Nf6 2. g3 c6 3. Bg2 d5 4. Nf3 Bf5 5. Qb3 Qb6 6. d3 e6 7. Be3 Qa6 8. 0-0 Nbd7 9. Nc3 Nc5 10. Bxc5 Bxc5 11. cxd5 exd5 12. e4 dxe4 13. Ng5 Bg6 14. dxe4 h6 15. Nh3 0-0 16. Nf4 Bh7 17. e5 Nd7 18. Rae1 Be7 19. Qd1 Nc5 20. Qg4 Nd3 21. Nh5 Bg6 22. Re2 Rad8 23. e6 Bxh5 24. Qxh5 f5 25. Rd1 Kh7 26. Red2 Qb6 27. Rxd3 Rxd3 28. Rxd3 Qxb2 29. Qe2 Qb4 30. a3 Qc5 31. Qe3 Qxe3 32. fxe3 Bxa3 33. Nb5 Be7 34. Rd7 Bc5 35. Nc7 Bxe3+ 36. Kf1 Bc5 37. e7 Bxe7 38. Rxe7 Kg6 39. Ne6 Kf6 40. Nxf8 Kxe7 41. Ng6+ Kf6 42. Nf4 Ke5 43. Ke2 g5 44. Nd3+ Kd4 45. Kd2 a5 46. Nb2 f4 47. g4 b5 48. Bxc6 a4 49. Nxa4 bxa4 50. Bxa4 h5 51. h3 h4 52. Bc6 Kc5 53. Be4 Kd4 54. Bd3 Kd5 55. Kc3 Ke5 56. Bf5 f3 57. Kd2 Kf4 58. Ke1 Kg3 59. Kf1 Kxh3 60. Kf2 Kh2 61. Bd7 h3 62. Bc6 Kh1 63. Kxf3 Kg1 64. Ke4 1-0

[Event "HUN-chT2 Charousek 1819"]
[Site "Hungary"]
[Date "2019.03.10"]
[Round "9.4"]
[White "Mrkonjic, Nenad"]
[Black "Gyurkovics, Bence"]
[Result "1-0"]
[WhiteElo "2365"]
[BlackElo "2273"]
[PlyCount "103"]
[EventDate "2018.09.23"]
[EventType "team-tourn"]
[EventRounds "11"]
[EventCountry "HUN"]
[SourceTitle "EXT 2021"]
[Source "ChessBase"]
[SourceDate "2020.10.23"]
[SourceVersion "1"]
[SourceVersionDate "2020.10.23"]
[SourceQuality "1"]
[WhiteTeam "Komlo Banyasz"]
[BlackTeam "Gyor Szechenyi"]
[WhiteTeamCountry "HUN"]
[BlackTeamCountry "HUN"]

1. d4 Nf6 2. c4 e6 3. Nf3 d5 4. Nc3 Bb4 5. Qa4+ Nc6 6. Bg5 h6 7. Bxf6 Qxf6 8. cxd5 exd5 9. a3 Bxc3+ 10. bxc3 0-0 11. e3 Qg6 12. Qb3 Rd8 13. Qb1 Qxb1+ 14. Rxb1 Na5 15. Bd3 Be6 16. 0-0 Rac8 17. Rfc1 c6 18. Nd2 c5 19. Kf1 Rc7 20. Rb5 b6 21. dxc5 Rxc5 22. Rxc5 bxc5 23. Rb1 Nc6 24. Rb5 c4 25. Bc2 Rb8 26. Rxb8+ Nxb8 27. e4 Nd7 28. Ke2 dxe4 29. Bxe4 f5 30. Bc2 f4 31. Kf3 g5 32. Ke4 Nc5+ 33. Ke5 Kf7 34. Ne4 Nd7+ 35. Kd4 Ke7 36. Ba4 Nb6 37. Bb5 Bd5 38. g3 fxg3 39. Nxg3 Ke6 40. Nf1 Bf3 41. Ne3 h5 42. Nxc4 Kf5 43. Nd2 Kg4 44. c4 Bg2 45. c5 Na8 46. Be2+ Kh3 47. Bxh5 Kxh2 48. f3 Kg3 49. Ke5 Nc7 50. Bg4 a5 51. a4 Na6 52. c6 1-0

[Event "HUN-chT2 Charousek 1819"]
[Site "Hungary"]
[Date "2018.11.18"]
[Round "4.3"]
[White "Volosin, Vladimir"]
[Black "Mrkonjic, Nenad"]
[Result "0-1"]
[WhiteElo "2210"]
[BlackElo "2365"]
[PlyCount "216"]
[EventDate "2018.09.23"]
[EventType "team-tourn"]
[EventRounds "11"]
[EventCountry "HUN"]
[SourceTitle "CBM 189 Extra"]
[Source "ChessBase"]
[SourceDate "2019.06.03"]
[SourceVersion "1"]
[SourceVersionDate "2019.06.03"]
[SourceQuality "1"]
[WhiteTeam "Szentgotthard Alsoszolnok"]
[BlackTeam "Komlo Banyasz"]
[WhiteTeamCountry "HUN"]
[BlackTeamCountry "HUN"]

1. c4 c6 2. e4 d5 3. exd5 cxd5 4. d4 Nf6 5. Nc3 Nc6 6. Nf3 e6 7. Bg5 Be7 8. c5 Ne4 9. Bxe7 Qxe7 10. Bb5 Nxc3 11. bxc3 0-0 12. 0-0 Qc7 13. Re1 b6 14. cxb6 axb6 15. Re3 f6 16. Qe2 Qd6 17. a4 Bd7 18. Re1 Nd8 19. Nd2 Bxb5 20. Qxb5 Ra5 21. Qb3 Qc6 22. c4 Qxa4 23. cxd5 Qxb3 24. Rxb3 Rxd5 25. Nf3 b5 26. Reb1 Nc6 27. Rxb5 Nxd4 28. Nxd4 Rxd4 29. Rb8 h5 30. g3 h4 31. R8b4 Rfd8 32. gxh4 Kh7 33. Kg2 Kg6 34. Kg3 Kf5 35. f3 e5 36. R1b3 Rh8 37. h3 Rhxh4 38. Rb7 g6 39. Rf7 Rh6 40. Rb6 g5 41. Rb2 Rdh4 42. Rh2 Ra4 43. Re2 Ra3 44. Re7 Rh4 45. Kg2 Rd4 46. Rb7 Rdd3 47. Rf2 Ra1 48. Rb4 Rd4 49. Rb6 Ra3 50. Rc6 Rf4 51. Rb6 Re3 52. Ra6 Kg6 53. Rb6 Rc3 54. Ra6 Rc8 55. Kg3 Rb8 56. Rc6 Kh5 57. Re6 Rb3 58. Kg2 Rf5 59. Re8 Kg6 60. Re7 Rb4 61. Re2 Rff4 62. Rf2 Rb6 63. Re2 Kf5 64. Rf2 Rfb4 65. Rc7 Kf4 66. Re2 Rd4 67. Rc3 Rbd6 68. Rce3 R6d5 69. Re4+ Kf5 70. Kf2 Rd8 71. Kg3 Rh8 72. R4e3 Rd1 73. Kg2 Rb8 74. Ra3 Rb4 75. Rae3 Rdd4 76. Ra3 Rb5 77. Rae3 Ke6 78. Ra3 Rbd5 79. Ra6+ Kf5 80. Ra3 Kf4 81. Raa2 f5 82. Rf2 Rd3 83. Rab2 Re3 84. Rb4+ Rd4 85. Rb5 Rc4 86. Ra5 Rec3 87. Raa2 Rc5 88. Ra4+ Ke3 89. Raa2 e4 90. fxe4 fxe4 91. Rae2+ Kd4 92. Rf8 Rc8 93. Rf7 R3c7 94. Rf6 Rc2 95. Rd6+ Ke5 96. Rdd2 Rxd2 97. Rxd2 Rf8 98. Kg3 e3 99. Rd7 Ke4 100. Kg4 Rf4+ 101. Kg3 e2 102. Re7+ Kd3 103. Rd7+ Ke3 104. Re7+ Re4 105. Rxe4+ Kxe4 106. Kf2 Kd3 107. Ke1 Ke3 108. h4 g4 0-1

[Event "HUN-chT2 Charousek 1819"]
[Site "Hungary"]
[Date "2018.10.28"]
[Round "3.4"]
[White "Csati, Oliver"]
[Black "Mrkonjic, Nenad"]
[Result "0-1"]
[WhiteElo "2214"]
[BlackElo "2365"]
[PlyCount "88"]
[EventDate "2018.09.23"]
[EventType "team-tourn"]
[EventRounds "11"]
[EventCountry "HUN"]
[SourceTitle "CBM 189 Extra"]
[Source "ChessBase"]
[SourceDate "2019.06.03"]
[SourceVersion "1"]
[SourceVersionDate "2019.06.03"]
[SourceQuality "1"]
[WhiteTeam "Budapest HASE"]
[BlackTeam "Komlo Banyasz"]
[WhiteTeamCountry "HUN"]
[BlackTeamCountry "HUN"]

1. d4 d5 2. c4 c6 3. Nf3 Nf6 4. e3 e6 5. b3 Nbd7 6. Bd3 Ne4 7. 0-0 f5 8. Ne5 Nxe5 9. dxe5 Qc7 10. Bb2 Be7 11. Qc2 0-0 12. Nc3 Nxc3 13. Bxc3 Bd7 14. Kh1 Rac8 15. a4 Be8 16. a5 Bh5 17. Be2 Bxe2 18. Qxe2 g6 19. f4 Qd7 20. Rfd1 Qe8 21. cxd5 cxd5 22. Rdc1 Qd7 23. Rc2 Rc6 24. Be1 Rfc8 25. Rac1 a6 26. h3 Kf7 27. b4 h5 28. g4 Rxc2 29. Rxc2 Rxc2 30. Qxc2 hxg4 31. hxg4 Qc6 32. Qxc6 bxc6 33. Kg2 Ke8 34. gxf5 gxf5 35. Kf3 Kd7 36. Ke2 c5 37. bxc5 Bxc5 38. Kd3 Kc6 39. Bh4 Kd7 40. Be1 Be7 41. Bc3 Kc6 42. Bd4 Bd8 43. Bc3 Kb5 44. Kd4 Be7 0-1

[Event "CRO-chT1A 27th"]
[Site "Biograd"]
[Date "2018.09.10"]
[Round "3.24"]
[White "Mrkonjic, Nenad"]
[Black "Zovko, Mario"]
[Result "1-0"]
[WhiteElo "2352"]
[BlackElo "2328"]
[PlyCount "143"]
[EventDate "2018.09.08"]
[EventType "team-tourn"]
[EventRounds "9"]
[EventCountry "CRO"]
[SourceTitle "CBM 186 Extra"]
[Source "ChessBase"]
[SourceDate "2018.08.24"]
[SourceVersion "1"]
[SourceVersionDate "2018.08.24"]
[SourceQuality "1"]
[WhiteTeam "Osijek Ferit"]
[BlackTeam "Vukovar"]
[WhiteTeamCountry "CRO"]
[BlackTeamCountry "CRO"]

1. d4 d5 2. c4 e6 3. Nc3 Nf6 4. Nf3 Bb4 5. a3 Bxc3+ 6. bxc3 0-0 7. Bg5 h6 8. Bxf6 Qxf6 9. e3 Nd7 10. Be2 dxc4 11. Bxc4 c5 12. 0-0 e5 13. Qb3 cxd4 14. cxd4 exd4 15. Nxd4 Nc5 16. Qb4 b6 17. Bd5 Bb7 18. Bxb7 Nxb7 19. a4 Rfc8 20. Qb5 Na5 21. Rac1 Qd8 22. Nf5 Qf6 23. Rfd1 Rd8 24. Nd4 Qd6 25. Rc3 Rac8 26. Rdc1 Rxc3 27. Rxc3 Nb7 28. Rc6 Qd7 29. g3 Na5 30. Rc3 Qb7 31. Qe5 f6 32. Qe6+ Kh8 33. h4 Qd7 34. Qe4 Rc8 35. Rxc8+ Qxc8 36. Qe7 Nc6 37. Nxc6 Qxc6 38. Qxa7 Kh7 39. Qa6 Qc1+ 40. Qf1 Qc5 41. Qb1+ Kg8 42. Qe4 Qc1+ 43. Kg2 Qc5 44. Qe8+ Kh7 45. Qe6 Kh8 46. Qe8+ Kh7 47. Qb5 Qc7 48. Qd5 Qc2 49. Qd4 Qb1 50. Qc4 Kh8 51. h5 Qf5 52. g4 Qd7 53. Qe4 Qd6 54. Qd4 Qc6+ 55. e4 Qe6 56. Kg3 Qc6 57. f4 Qc1 58. e5 Qe1+ 59. Qf2 Qc3+ 60. Qf3 Qe1+ 61. Kh3 fxe5 62. fxe5 Qxe5 63. Qf8+ Kh7 64. Qf5+ Qxf5 65. gxf5 Kg8 66. Kg4 Kf7 67. Kf3 Ke7 68. Ke3 Kf6 69. Ke4 Kg5 70. Kd5 Kxh5 71. Kc6 Kg5 72. Kxb6 1-0

[Event "CRO-chT1A 27th"]
[Site "Biograd"]
[Date "2018.09.08"]
[Round "1.14"]
[White "Cvitan, Ognjen"]
[Black "Mrkonjic, Nenad"]
[Result "1/2-1/2"]
[WhiteElo "2489"]
[BlackElo "2352"]
[PlyCount "37"]
[EventDate "2018.09.08"]
[EventType "team-tourn"]
[EventRounds "9"]
[EventCountry "CRO"]
[SourceTitle "CBM 186 Extra"]
[Source "ChessBase"]
[SourceDate "2018.08.24"]
[SourceVersion "1"]
[SourceVersionDate "2018.08.24"]
[SourceQuality "1"]
[WhiteTeam "Solin Cemex"]
[BlackTeam "Osijek Ferit"]
[WhiteTeamCountry "CRO"]
[BlackTeamCountry "CRO"]

1. d4 e6 2. Nf3 d5 3. c4 Nf6 4. Nc3 c6 5. e3 Be7 6. Bd3 dxc4 7. Bxc4 b5 8. Bd3 a6 9. e4 c5 10. e5 Nd5 11. Nxd5 Qxd5 12. 0-0 cxd4 13. Re1 Bb7 14. Be4 Qd7 15. Bxb7 Qxb7 16. Qxd4 Nc6 17. Qe4 Rd8 18. Be3 0-0 19. Red1 1/2-1/2

[Event "BIH-chT1"]
[Site "Bosanska Krupa"]
[Date "2018.08.29"]
[Round "7"]
[White "Avdic, Mirza"]
[Black "Mrkonjic, Nenad"]
[Result "0-1"]
[WhiteElo "2205"]
[BlackElo "2352"]
[PlyCount "136"]
[EventDate "2018.08.25"]
[EventType "tourn"]
[EventRounds "9"]
[EventCountry "BIH"]
[SourceTitle "CBM 186 Extra"]
[Source "ChessBase"]
[SourceDate "2018.08.24"]
[SourceVersion "1"]
[SourceVersionDate "2018.08.24"]
[SourceQuality "1"]

1. e4 e5 2. Bc4 Nf6 3. d3 c6 4. Nf3 d5 5. Bb3 Bd6 6. Qe2 dxe4 7. dxe4 Qe7 8. 0-0 Na6 9. c3 Nc5 10. Bc2 a5 11. Nbd2 0-0 12. Nc4 Bc7 13. Bg5 b5 14. Ne3 h6 15. Bh4 g6 16. Rfe1 Qe6 17. Nf5 gxf5 18. exf5 Qd6 19. Nxe5 Qxe5 20. Qxe5 Bxe5 21. Rxe5 Ncd7 22. Re3 Re8 23. Rh3 Kg7 24. Rg3+ Kf8 25. Rh3 Nd5 26. Bg3 Kg7 27. Bd6 N7f6 28. Bc5 Ne4 29. Bd4+ f6 30. f3 Nd6 31. Rh5 Re2 32. Bd3 Rd2 33. Be4 Nxe4 34. fxe4 Nf4 35. Be3 Rxg2+ 36. Kf1 Nxh5 37. Kxg2 Bd7 38. Rd1 Be8 39. Kf3 a4 40. a3 Rc8 41. Rd6 Rc7 42. Rd8 Bf7 43. Bc5 Kh7 44. Bd6 Rb7 45. Rc8 Ng7 46. Rxc6 Nxf5 47. Bc5 Nh4+ 48. Kg3 Ng6 49. Rxf6 Ne5 50. Bd4 Nd3 51. e5 Bc4 52. Kg4 Rf7 53. Rb6 Rf4+ 54. Kg3 Re4 55. Kf3 Re1 56. Kg4 Nxe5+ 57. Kf5 Nf7 58. h4 Rf1+ 59. Ke4 Rb1 60. h5 Rh1 61. Rg6 Ng5+ 62. Ke5 Rxh5 63. Rb6 Nf7+ 64. Kf6 Rh2 65. Ke7 Rxb2 66. Rf6 Re2+ 67. Kf8 Ng5 68. Be3 Ne6+ 0-1

[Event "BIH-chT1"]
[Site "Bosanska Krupa"]
[Date "2018.08.28"]
[Round "6"]
[White "Mrkonjic, Nenad"]
[Black "Kojic, Tigran"]
[Result "1/2-1/2"]
[WhiteElo "2352"]
[BlackElo "2340"]
[PlyCount "92"]
[EventDate "2018.08.25"]
[EventType "tourn"]
[EventRounds "9"]
[EventCountry "BIH"]
[SourceTitle "CBM 186 Extra"]
[Source "ChessBase"]
[SourceDate "2018.08.24"]
[SourceVersion "1"]
[SourceVersionDate "2018.08.24"]
[SourceQuality "1"]

1. c4 e6 2. Nc3 d5 3. cxd5 exd5 4. d4 f5 5. Nf3 Nf6 6. Bf4 c6 7. e3 Be7 8. h3 0-0 9. Be2 Nbd7 10. 0-0 Ne4 11. Ne5 Nxe5 12. Bxe5 Bd6 13. Bxd6 Qxd6 14. f4 Nxc3 15. bxc3 c5 16. dxc5 Qxc5 17. Qd4 b6 18. Qxc5 bxc5 19. Bf3 Be6 20. c4 Rad8 21. cxd5 Bxd5 22. Kf2 Be6 23. Rfc1 c4 24. Rc2 Rf7 25. Rac1 Rc7 26. Be2 Rdc8 27. Rc3 Rc5 28. g4 g6 29. Rb1 R8c7 30. Ke1 Kg7 31. g5 h6 32. h4 hxg5 33. hxg5 Bd5 34. Kd2 Rc8 35. Rbc1 a5 36. Ra3 c3+ 37. Rcxc3 Rxc3 38. Rxc3 Rxc3 39. Kxc3 Bxa2 40. Bb5 Bd5 41. Kd4 Bb3 42. Kc5 Kf7 43. Kd4 Ke7 44. Bd3 Kd6 45. e4 fxe4 46. Bxe4 Bf7 1/2-1/2

[Event "BIH-chT1"]
[Site "Bosanska Krupa"]
[Date "2018.08.26"]
[Round "3"]
[White "Zajic, Milan"]
[Black "Mrkonjic, Nenad"]
[Result "1-0"]
[WhiteElo "2503"]
[BlackElo "2352"]
[PlyCount "153"]
[EventDate "2018.08.25"]
[EventType "tourn"]
[EventRounds "9"]
[EventCountry "BIH"]
[SourceTitle "CBM 186 Extra"]
[Source "ChessBase"]
[SourceDate "2018.08.24"]
[SourceVersion "1"]
[SourceVersionDate "2018.08.24"]
[SourceQuality "1"]

1. e4 e5 2. Nf3 Nc6 3. Bb5 Nge7 4. Nc3 g6 5. d4 Bg7 6. dxe5 Nxe5 7. Nxe5 Bxe5 8. 0-0 c6 9. Bc4 0-0 10. Bh6 Bg7 11. Bxg7 Kxg7 12. Qd6 b5 13. Bb3 a5 14. a3 Ng8 15. Rfe1 Qf6 16. Qc7 Qd8 17. Qg3 Qe7 18. e5 Bb7 19. Ne4 Kh8 20. Nd6 Ba6 21. Rad1 a4 22. Ba2 f6 23. Qc3 Kg7 24. Bxg8 Kxg8 25. exf6 Qxf6 26. Qxf6 Rxf6 27. Ne8 Rf7 28. Rxd7 Kf8 29. Rxf7+ Kxf7 30. Nd6+ Kf8 31. f3 Rd8 32. Ne4 Bc8 33. g4 h6 34. Kf2 Be6 35. Nc3 Ke7 36. Ke3 Rf8 37. Rd1 Rb8 38. Ne4 Bd5 39. Nc5 Kd6 40. Ne4+ Ke7 41. Rd4 Rf8 42. h3 g5 43. Rd2 Rf4 44. Rh2 Ke6 45. Nd2 Rf6 46. h4 gxh4 47. Rxh4 Kf7 48. Rh5 Re6+ 49. Kf2 Kg6 50. f4 Re8 51. Re5 Rg8 52. Nf1 Kf6 53. Ne3 Be6 54. Rc5 Bd7 55. Kf3 Re8 56. c4 Rb8 57. cxb5 cxb5 58. Ke4 b4 59. Nd5+ Kf7 60. Rc7 Ke6 61. Nxb4 Kd6 62. Ra7 Rg8 63. Ra6+ Kc5 64. Rxh6 Rxg4 65. Nd3+ Kb5 66. Ne5 Rg7 67. Nxd7 Rxd7 68. Rh2 Rb7 69. Rc2 Re7+ 70. Kd5 Re1 71. f5 Rd1+ 72. Ke6 Re1+ 73. Kf7 Rf1 74. f6 Kb6 75. Ke7 Re1+ 76. Kf8 Rf1 77. f7 1-0

[Event "HUN-chT2 Charousek 1718"]
[Site "Hungary"]
[Date "2018.03.04"]
[Round "7.3"]
[White "Nagy, Bence"]
[Black "Mrkonjic, Nenad"]
[Result "1-0"]
[WhiteElo "2357"]
[BlackElo "2351"]
[PlyCount "89"]
[EventDate "2017.10.29"]
[EventType "team-tourn"]
[EventRounds "9"]
[EventCountry "HUN"]
[SourceTitle "EXT 2020"]
[Source "ChessBase"]
[SourceDate "2019.10.17"]
[SourceVersion "1"]
[SourceVersionDate "2019.10.17"]
[SourceQuality "1"]
[WhiteTeam "Haladas Szombathely II"]
[BlackTeam "Komlo Banyasz"]
[WhiteTeamCountry "HUN"]
[BlackTeamCountry "HUN"]

1. e4 Nf6 2. e5 Nd5 3. d4 d6 4. c4 Nb6 5. exd6 exd6 6. Nc3 Be7 7. Be3 c6 8. b3 Bf5 9. Bd3 Bxd3 10. Qxd3 d5 11. c5 N6d7 12. Nge2 0-0 13. 0-0 Re8 14. Rae1 Nf8 15. f4 Nbd7 16. f5 b6 17. b4 a5 18. b5 bxc5 19. bxc6 c4 20. Qb1 Nf6 21. Bf4 Bd6 22. Nb5 Bb4 23. c7 Qd7 24. Nec3 Ne4 25. Nxe4 dxe4 26. Rxe4 Qxb5 27. a3 Rxe4 28. Qxe4 Re8 29. Qb1 Nd7 30. axb4 axb4 31. Re1 Rc8 32. Qe4 Nb6 33. Be5 Re8 34. f6 Qd7 35. Qf4 h6 36. fxg7 Re6 37. Rf1 Rg6 38. g3 b3 39. Qh4 Re6 40. Rf6 b2 41. Rf1 Rxe5 42. dxe5 Kxg7 43. Qf6+ Kh7 44. Qxb6 c3 45. c8Q 1-0

[Event "Bosnjaci op 23rd"]
[Site "Bosnjaci"]
[Date "2018.01.08"]
[Round "8"]
[White "Mrkonjic, Nenad"]
[Black "Mican, Mato"]
[Result "1-0"]
[WhiteElo "2345"]
[BlackElo "1938"]
[PlyCount "171"]
[EventDate "2018.01.03"]
[EventType "swiss"]
[EventRounds "9"]
[EventCountry "CRO"]
[SourceTitle "CBM 182 Extra"]
[Source "ChessBase"]
[SourceDate "2018.02.23"]
[SourceVersion "1"]
[SourceVersionDate "2018.02.23"]
[SourceQuality "1"]

1. c4 e5 2. Nc3 Nf6 3. g3 Nc6 4. Bg2 Be7 5. d3 d6 6. e3 0-0 7. Nge2 Ng4 8. Nd5 f5 9. b4 Bg5 10. h3 Nf6 11. f4 Bh6 12. Bb2 Nxd5 13. Bxd5+ Kh8 14. b5 Nb8 15. Bg2 Nd7 16. 0-0 Qe7 17. Qd2 Nf6 18. a4 Rb8 19. fxe5 Nd7 20. d4 Re8 21. Qd3 dxe5 22. Rxf5 exd4 23. Bxd4 Bxe3+ 24. Bxe3 Qxe3+ 25. Qxe3 Rxe3 26. Kf2 Re7 27. Rd1 g6 28. Rfd5 Kg7 29. Nf4 Nb6 30. Rd8 Ra8 31. a5 Nxc4 32. a6 Nd6 33. axb7 Nxb7 34. Rxc8 Rxc8 35. Bxb7 Rf8 36. Bf3 Rf5 37. Rd5 Rf8 38. Rc5 Kh6 39. h4 Rd7 40. Rc6 Rd2+ 41. Be2 Rf7 42. Ra6 Rf5 43. Ke3 Rb2 44. Rxa7 Rb3+ 45. Kf2 Rb2 46. Kf3 Rc5 47. Bd3 Rb3 48. Ke4 Rb4+ 49. Ke3 Re5+ 50. Kf3 Rc5 51. Ra6 Rb3 52. Ke4 Rb4+ 53. Ke3 Re5+ 54. Kf3 Rb3 55. h5 Rxh5 56. Nxh5 Rxd3+ 57. Kg4 Rb3 58. Nf4 Rxb5 59. Rc6 Rb7 60. Nd5 Rb5 61. Nxc7 Rb4+ 62. Kh3 Rb7 63. Nd5 Rb5 64. Nf6 Kg7 65. Ne4 Rf5 66. Rc7+ Kg8 67. Kg4 h6 68. Nc5 Rg5+ 69. Kh3 Rh5+ 70. Kg2 Re5 71. Nd3 Rf5 72. Nf2 h5 73. Ne4 h4 74. g4 Rf4 75. Nf2 h3+ 76. Kg3 Rb4 77. Nxh3 Rb3+ 78. Kh4 Rb5 79. Ng5 Rb6 80. Ne4 Rb5 81. Nc5 Rb6 82. Kg5 Rd6 83. Ne4 Rd4 84. Kxg6 Kf8 85. Rf7+ Ke8 86. Nf6+ 1-0